| Tag |
First Indicator |
Second Indicator |
Subfields |
| LEADER |
00000cam a2200000 a 4500 |
| 001 |
in00000006322 |
| 008 |
991102s1998 mdua b f100 0 eng d |
| 005 |
20230331144303.8 |
| 035 |
|
|
|a (OCoLC)42747325
|
| 035 |
|
|
|9 AJL5587AM
|
| 035 |
|
|
|a in00000006322
|
| 040 |
|
|
|a GPO
|c GPO
|d DLC
|d MvI
|d UtOrBLW
|
| 049 |
|
|
|a UMIC
|a WWW
|
| 074 |
|
|
|a 0507-A-36
|
| 074 |
|
|
|a 0507-A-36 (online)
|
| 086 |
0 |
|
|a HE 20.3046:16/1
|
| 245 |
0 |
0 |
|a Rehabilitation of persons with traumatic brain injury.
|
| 264 |
|
1 |
|a [Bethesda, Md.] :
|b National Institutes of Health/Foundation for Advanced Education in the Sciences :
|b Continuing Medical Education, National Institutes of Health, Office of the Director,
|c [1998]
|
| 300 |
|
|
|a 41 pages :
|b illustrations ;
|c 22 cm.
|
| 336 |
|
|
|a text
|b txt
|2 rdacontent
|
| 337 |
|
|
|a unmediated
|b n
|2 rdamedia
|
| 338 |
|
|
|a volume
|b nc
|2 rdacarrier
|
| 490 |
1 |
|
|a NIH consensus statement ;
|v v. 16, no. 1
|
| 500 |
|
|
|a Shipping list number: 2000-0019-P.
|
| 500 |
|
|
|a "October 26-28, 1998; date of original release: October 28, 1998."
|
| 500 |
|
|
|a Shipping List #: 2000-0019-P
|
| 500 |
|
|
|a Shipping List Date: 10/22/1999
|
| 504 |
|
|
|a Includes bibliographical references (pages 36-41).
|
| 530 |
|
|
|a Also available via Internet from the NIH Consensus Development Program web site. Address as of 11/1/99: http://odp.od.nih.gov/consensus/cons/109/109%5Fintro.htm; current access is available via PURL.
|
| 650 |
|
0 |
|a Brain
|x Wounds and injuries
|x Treatment.
|
| 650 |
|
0 |
|a Brain damage
|x Patients
|x Rehabilitation.
|
| 710 |
2 |
|
|a National Institutes of Health (U.S.).
|b Continuing Medical Education.
|
| 711 |
2 |
|
|a National Institutes of Health Consensus Development Conference on Rehabilitation of Persons with Traumatic Brain Injury
|d (1998 :
|c Bethesda, Md.)
|
| 830 |
|
0 |
|a NIH consensus statement ;
|v v. 16, no. 1.
|
| 856 |
4 |
1 |
|u https://purl.fdlp.gov/GPO/LPS3573
|t 0
|
| 999 |
|
|
|a MARS
|
| 999 |
f |
f |
|i 3fa93273-17d4-34e0-a90e-b83251cd0f65
|s d81b3f72-6eba-37e4-92ea-f9017fe35da1
|t 0
|
| 952 |
f |
f |
|a Texas A&M University
|b College Station
|c Electronic Resources
|d Available Online
|t 0
|e HE 20.3046:16/1
|h Superintendent of Documents classification
|
| 998 |
f |
f |
|a HE 20.3046:16/1
|t 0
|l Available Online
|